<?xml version="1.0" encoding="UTF-8"?>
<record
    xmlns:xsi="http://www.w3.org/2001/XMLSchema-instance"
    xsi:schemaLocation="http://www.loc.gov/MARC21/slim http://www.loc.gov/standards/marcxml/schema/MARC21slim.xsd"
    xmlns="http://www.loc.gov/MARC21/slim">

  <leader>01165nam a22002057a 4500</leader>
  <datafield tag="952" ind1=" " ind2=" ">
    <subfield code="0">0</subfield>
    <subfield code="1">0</subfield>
    <subfield code="2">lcc</subfield>
    <subfield code="4">0</subfield>
    <subfield code="7">0</subfield>
    <subfield code="a">11</subfield>
    <subfield code="b">11</subfield>
    <subfield code="d">2014-10-14</subfield>
    <subfield code="l">2</subfield>
    <subfield code="o">RC488.5 O34 1995</subfield>
    <subfield code="p">11 011030</subfield>
    <subfield code="r">2015-10-07</subfield>
    <subfield code="s">2015-10-07</subfield>
    <subfield code="t">1</subfield>
    <subfield code="w">2014-10-14</subfield>
    <subfield code="y">LB</subfield>
  </datafield>
  <datafield tag="999" ind1=" " ind2=" ">
    <subfield code="c">94633</subfield>
    <subfield code="d">94633</subfield>
  </datafield>
  <controlfield tag="008">141014b1995    sp ||||| |||| 00| 0 spa d</controlfield>
  <datafield tag="020" ind1=" " ind2=" ">
    <subfield code="a">9788425418914</subfield>
  </datafield>
  <datafield tag="050" ind1=" " ind2=" ">
    <subfield code="a">RC488.5 </subfield>
    <subfield code="b">O34 1995</subfield>
  </datafield>
  <datafield tag="100" ind1=" " ind2=" ">
    <subfield code="a">Ochoa de Alda, Inmaculada</subfield>
    <subfield code="e">autor</subfield>
  </datafield>
  <datafield tag="245" ind1=" " ind2=" ">
    <subfield code="a">Enfoques en terapia familiar sist&#xE9;mica</subfield>
    <subfield code="c">/ Inmaculada, Ochoa de Alda</subfield>
  </datafield>
  <datafield tag="250" ind1=" " ind2=" ">
    <subfield code="a">2a. edici&#xF3;n</subfield>
  </datafield>
  <datafield tag="260" ind1=" " ind2=" ">
    <subfield code="a">Espa&#xF1;a</subfield>
    <subfield code="b">: Herder</subfield>
    <subfield code="c">, 1995</subfield>
  </datafield>
  <datafield tag="300" ind1=" " ind2=" ">
    <subfield code="a">276 p&#xE1;ginas</subfield>
  </datafield>
  <datafield tag="500" ind1=" " ind2=" ">
    <subfield code="a">incluye: Introducci&#xF3;n (pp. 9-13), Ap&#xE9;ndices (pp. 241-260), Glosario (pp. 261-270)</subfield>
  </datafield>
  <datafield tag="504" ind1=" " ind2=" ">
    <subfield code="a">Bibliograf&#xED;a (pp. 271-276)</subfield>
  </datafield>
  <datafield tag="505" ind1=" " ind2=" ">
    <subfield code="a">Origen y conceptos b&#xE1;sicos en terapia familiar sist&#xE9;mica  
La entrevista  
Genogramas de terapia familiar  
Terapia de MRI de Palo alto  
Terapia de grupo de Mil&#xE1;n  
La entrevista circular como intervenci&#xF3;n  
Terapia centrada en las soluciones  
Terapia estructural  
Terapia familiar con adolescentes  
Terapia estrat&#xE9;gica  
Enfoque estrat&#xE9;gico  para trastornos de emancipaci&#xF3;n: esquizofrenia, delincuencia y drogadicci&#xF3;n  
Terapia de pareja  
Comentario final</subfield>
  </datafield>
  <datafield tag="519" ind1=" " ind2=" ">
    <subfield code="a">Material complementario /</subfield>
    <subfield code="b">Psicolog&#xED;a / </subfield>
    <subfield code="d">(11 011030)</subfield>
  </datafield>
  <datafield tag="650" ind1=" " ind2=" ">
    <subfield code="a">PSICOTERAPIA FAMILIAR</subfield>
  </datafield>
  <datafield tag="942" ind1=" " ind2=" ">
    <subfield code="c">LB</subfield>
  </datafield>
</record>
